El ruta : (Record no. 183044)

MARC details
000 -LEADER
campo de control de longitud fija 00803nam a2200241 i 4500
001 - NÚMERO DE CONTROL
campo de control 183044
003 - IDENTIFICADOR DE NÚMERO DE CONTROL
campo de control ES-MaACL
005 - FECHA Y HORA DE LA ÚLTIMA TRANSACCIÓN
campo de control 20250930063156.0
008 - DATOS DE LONGITUD FIJA--INFORMACIÓN GENERAL
campo de control de longitud fija 140114s2011 sp |||| | spa d
020 ## - NÚMERO INTERNACIONAL ESTÁNDAR DEL LIBRO
Número Internacional Estándar del Libro 978-84-9923-584-4
080 ## - NÚMERO DE LA CLASIFICACIÓN DECIMAL UNIVERSAL
Número de la Clasificación Decimal Universal 821.134.2-31"19"
100 1# - ENTRADA PRINCIPAL--NOMBRE DE PERSONA
Nombre de persona Vela, Fidel,
Fechas asociadas al nombre 1934-
9 (RLIN) 145468
245 13 - MENCIÓN DEL TÍTULO
Título El ruta :
Resto del título Sigüenza-Alcalá /
Mención de responsabilidad, etc. Fidel Vela.
250 ## - MENCION DE EDICION
Mención de edición 1ª ed.
260 ## - PUBLICACIÓN, DISTRIBUCIÓN, ETC.
Lugar de publicación, distribución, etc. [Madrid] :
Nombre del editor, distribuidor, etc. Cultiva,
Fecha de publicación, distribución, etc. 2011.
300 ## - DESCRIPCIÓN FÍSICA
Extensión 304 p. ;
Dimensiones 21 cm.
490 1# - MENCIÓN DE SERIE
Mención de serie Colección Cultiva ;
Designación de volumen o secuencia 203
830 0# - PUNTO DE ACCESO ADICIONAL DE SERIE-TÍTULO UNIFORME
Título uniforme Colección Cultiva ;
Designación de volumen o secuencia 203
9 (RLIN) 191698
852 ## - LOCALIZACIÓN
Ubicación ES-MaACL
Número de control de estantería A-13012
itemnumber 189977
Sublocalización o colección R.149833
Ubicación en estantería Depósito 1
Signatura antigua Olim: N-6012
Anotaciones manuscritas Dedicatoria autógrafa del autor
Donativo/Legado Donación: Fidel Vela
903 ## - NOMBRE PERSONAL DE DONANTE
a Vela, Fidel,
d 1934-
e Donante
9 145468
942 ## - ELEMENTOS DE ENTRADA SECUNDARIOS (KOHA)
Fuente del sistema de clasificación o colocación Clasificación decimal universal
Tipo de ítem Koha Libro impreso
Holdings
Estatus retirado Estado de pérdida Fuente del sistema de clasificación o colocación Estado de daño No para préstamo Colección Biblioteca de origen Biblioteca actual Ubicación en estantería Fecha de adquisición Fuente de adquisición Total de préstamos Signatura topográfica completa Código de barras Visto por última vez Precio de reemplazo Tipo de ítem Koha Nota pública
    Clasificación decimal universal     Libros con dedicatorias Biblioteca del Ateneo de Madrid Biblioteca del Ateneo de Madrid Depósito 1 14/01/2014 Donación   A-13012 1192383 23/02/2023 23/02/2023 Libro impreso Dedicatoria autógrafa del autor